[Event "RUS-chT 05th"]
[Site "Maikop"]
[Date "1998.06.11"]
[Round "9"]
[White "Shcherbakov, Ruslan"]
[Black "Ionov, Sergey"]
[Result "0-1"]
[WhiteElo "2555"]
[BlackElo "2530"]
[Annotator "Ribli,Z"]
[PlyCount "76"]
[EventDate "1998.06.03"]
[EventType "team-tourn"]
[EventRounds "11"]
[EventCountry "RUS"]
[SourceTitle "CBM 066"]
[Source "ChessBase"]
[SourceDate "1998.09.30"]
[SourceVersion "1"]
[SourceVersionDate "1998.09.30"]
[SourceQuality "1"]
[WhiteTeam "Elista Uralan"]
[BlackTeam "Sankt Petersburg"]
[WhiteTeamCountry "RUS"]
[BlackTeamCountry "RUS"]

1. Nf3 Nf6 2. c4 e6 3. Nc3 Bb4 4. g4 {Ftacnik: The idea g2-g4 is quite popular
in several openings (Keres attack in Scheveningen, g4 in Antimeran), but in
this position it is very recent.} d6 $5 {Nach dem scharfen Partiezug besitzt
Schwarz mindestens drei Möglichkeiten: 1. 4...Nxg4; das wurde noch nicht
ausprobiert 2. den Vorsoß 5.g5 mit 4...h6 verhindern 3. nicht reagieren wie in
der Partie.} (4... h6 $5 5. Rg1 b6 (5... d6 6. h4 (6. g5 hxg5 7. Rxg5 g6 {
Ftacnik: The rules of chess apply also in the unusual positions. White has
disturbed his pawn structure, his h-pawn remains exposed.} 8. a3 $6 Bxc3 9.
bxc3 e5 $15 10. c5 $6 e4 11. Nd4 dxc5 $17 12. Rxc5 Qd6 {[%csl Rc5,Rh2] 0-1
Jimenez,P-Benjamin,J/NY op 1998 (17)}) 6... e5 $13 7. g5 hxg5 8. hxg5 Ng4 9.
Nd5 Bc5 {[%cal Rc5f2,Rf2e1]} 10. d4 Bb6 $5 11. Nxb6 axb6 12. Qd3 (12. dxe5 dxe5
13. Qxd8+ Kxd8 14. b3 $11) 12... Nc6 {Zvjaginsev,V-Benjamin,J/FIDE-Wch k.o.
1997/1/2-1/2 (53)}) 6. d3 Bb7 7. e4 d5 8. e5 Nfd7 9. a3 Bxc3+ 10. bxc3 dxc4 11.
d4 b5 12. Rb1 a6 13. Bxc4 bxc4 14. Rxb7 Nb6 15. Qe2 Nc6 $13 {Pelletier,Y-Huss,
A/Open, Cannes FRA 1998/1-0 (43)}) 5. g5 Nfd7 (5... Nh5 {Nach folgendem 6.e3
steht der Springer schlecht auf h5.}) 6. Ne4 $6 (6. Rg1) (6. h4) 6... d5 {
Meines Erachtens hat Schwarz keine Eröffnungsprobleme.} 7. Ng3 O-O (7... dxc4
$5) 8. cxd5 exd5 9. a3 Bd6 10. d4 Re8 $11 {Schwarz hat keinerlei Schwächen,
während Weiß am Königsflügel gesündigt hat.} 11. Bg2 c6 12. O-O Nf8 {[%csl Rf3,
Rg2,Rg3] Schwarz befreit seinen Damenläufer.} 13. Nh4 {Sonst haben die weißen
Figuren am Königsflügel keine Perspektiven.} Ng6 14. Nxg6 (14. Nhf5 Bc7 $15 (
14... Bxf5 15. Nxf5 Nf4 {[%csl Rg5][%cal Rf4e2]} 16. Bxf4 Bxf4 17. h4 Nd7 $11)
(14... Bf4 15. Nxg7 $1 (15. h4 Bxg3 16. fxg3 $13) (15. Bxf4 Nxf4 {[%csl Rg5]}
16. h4 Bxf5 17. Nxf5 Nxe2+ $17) 15... Kxg7 16. Nh5+ $13 {[%cal Rh5g7,Rh5f4]}))
14... hxg6 15. f4 {[%csl Ye4]} Nd7 16. Qc2 Nb6 {[%csl Gb6][%cal Gb6c4] Es
droht eventuell 17...Nc4 und im Folgenden kann Schwarz seinen Springer via c8
nach d6 überführen.} 17. b3 Bg4 18. e3 Qd7 {[%cal Gd7h3] Die weißen Felder
sind schwach und so ist es logisch für Schwarz, die weißfeldrigen Läufer zu
tauschen.} 19. Qf2 Nc8 $15 20. Bb2 (20. Re1 Bh3 21. Bh1 $5) 20... Bh3 21. Rfe1
Bxg2 22. Qxg2 {Es gibt noch nichts Konkretes, aber strategisch verfügt Schwarz
über die besseren Chancen. Der weiße Läufer ist sehr schlecht und Schwarz
kontrolliert stark das Feld e4.} Bc7 23. Re2 Nd6 {[%csl Gd6,Ye4][%cal Gd6e4,
Gd6f5] Der schwarze Springer steht ausgezeichnet, kontrolliert die wichtigsten
Punke.} 24. Qf3 Qh3 {[%csl Ye4,Gh3]} 25. Qg2 Qxg2+ 26. Kxg2 Re6 {[%cal Ga8e8,
Ge8e1] Schwarz verbessert mit natürlichen Zügen die Stellung, während Weiß nur
abwarten kann.} 27. Bc1 f6 $1 {[%cal Gg8f7] Schwarz räumt das Feld f7 für den
König.} 28. h4 Kf7 {Schwarz verbessert seinen König und droht gleichzeitig mit
...Rh8.} 29. Kf3 (29. Bd2 Rh8 30. Rh1 $15) 29... Rh8 30. Rh2 $2 (30. Kg4) 30...
fxg5 $17 {[%cal Gh8h2]} 31. h5 {Wegen der Fesselungsmotive hat Weiß nichts
Besseres.} (31. fxg5 Nf5 $19 {[%csl Gc7,Gf5,Rg3,Rh2][%cal Rc7h2]}) 31... gxh5
32. Rxh5 Rxh5 33. Nxh5 Ne4 {[%csl Rc1,Gc7,Ge4,Ge6,Rf3] Schwarz hat einen
Mehrbauern und großes positionelles Übergewicht.} 34. fxg5 Nxg5+ 35. Kg4 Ne4 {
[%csl Ra1,Rc1,Gc7,Ge4,Ge6,Rg4] Die weißen Figuren können nur zusehen, während
sich der König bereits in großer Not befindet.} 36. Bb2 Rg6+ {[%csl Rg4,Rh5]}
37. Kf3 (37. Kf5 Rg5#) 37... Rg5 $19 {[%csl Rh5]} 38. Rh1 (38. Nf4 Rg3+ 39. Ke2
Bxf4 40. exf4 Rg2+ $19 {[%cal Rg2a2]}) 38... Kg6 {Weiß gab wegen des
Figurenverlustes auf.} (38... Kg6 39. Nf4+ Bxf4 40. exf4 (40. Kxf4 Rf5+ 41. Kg4
Nf2+ $19 {[%cal Rf2h1,Rf2g4]}) 40... Rg3+ 41. Ke2 Rg2+ $19 {[%cal Rg2b2]}) 0-1

[Event "Tilburg Fontys"]
[Site "Tilburg"]
[Date "1998.11.04"]
[Round "11"]
[White "Zvjaginsev, Vadim"]
[Black "Piket, Jeroen"]
[Result "1-0"]
[WhiteElo "2650"]
[BlackElo "2605"]
[Annotator "Ribli,Z"]
[PlyCount "51"]
[EventDate "1998.10.23"]
[EventType "tourn"]
[EventRounds "11"]
[EventCountry "NED"]
[EventCategory "18"]
[SourceTitle "EXT 1999"]
[Source "ChessBase"]
[SourceDate "1998.11.16"]
[SourceVersion "1"]
[SourceVersionDate "1998.11.16"]
[SourceQuality "1"]

1. Nf3 {Ftacnik} Nf6 2. c4 e6 3. Nc3 Bb4 4. g4 {Das ist eine beliebte Waffe
des Weißspielers. Ribli.} d5 {Schwarz fürchtet nicht die entstehenden
Komplikationen.} (4... h6) (4... d6) 5. g5 Ne4 6. h4 $146 {Wie etwa im
sogenannten "Keres-Angriff" (1.e4 c5 2.Nf3 d6 3.d4 cxd4 4.Nxd4 Nf6 5.Nc3 e6 6.
g4 h6 7.h4) gewinnt Weiß Raum am Königsflügel.} (6. Qa4+ Nc6 7. Nxe4 dxe4 8.
Ne5 e3 9. fxe3 Qxg5 10. Nf3 Qe7 11. a3 Bd6 12. d4 Bd7 13. Qc2 Qf6 14. b4 e5 15.
d5 Bf5 16. Qa4 Be4 17. dxc6 b5 18. cxb5 Bxf3 19. exf3 e4 20. Ra2 exf3 21. Rf2 {
1-0 Krasenkow,M-Garcia,G/Groningen 1997/CBM 63 (30)}) 6... Nc6 {Meines
Erachtens sieht sich Schwarz keinerlei Eröffnungsproblemen gegenüber. Er hat
gutes Figurenspiel und keine Schwächen.} 7. Qc2 f5 $5 $13 (7... Nxc3 $6 8. dxc3
Bd6 9. cxd5 exd5 10. h5 $36) 8. gxf6 (8. d3 Nxc3 (8... Nc5) 9. bxc3 Bd6 $11)
8... Nxf6 9. a3 (9. Rg1 Qe7) 9... Bxc3 10. dxc3 Qe7 (10... dxc4 11. e4 $44 (11.
Rg1 {Ftacnik} Qe7 12. e4 b5 13. a4 Ba6 14. axb5 Bxb5 $13)) 11. Bg5 (11. cxd5
exd5 12. Bg2 Bg4 $15) 11... Bd7 (11... dxc4 $5 12. e4 {[%cal Re4e5,Re5f6,Gf1c4]
} h6) 12. O-O-O (12. cxd5 $5 {Ftacnik} exd5 13. O-O-O Be6 $14) 12... dxc4 (
12... O-O-O $2 13. cxd5 exd5 14. Rxd5 $16 {[%cal Gg5e7]}) 13. h5 {Weiß
entfaltet etwas Initiative für den Bauern, aber der schwarze König findet
einen ausgezeichneten Platz am Damenflügel.} O-O-O (13... h6 $2 14. Qg6+ $40 {
[%csl Re8,Gg6]} (14. Qg6+ {Ftacnik} Kf8 15. Bxf6 gxf6 16. Rxd7 Qxd7 17. Qxf6+
$18)) (13... e5 {Ftacnik} 14. h6 g6 15. Nd2 Bf5 16. Qa4 $14) 14. h6 Rhg8 (14...
g6 {Ftacnik} 15. e4 (15. Nd2 Na5 16. Ne4 Nb3+ 17. Kb1 Bc6 18. Rxd8+ Rxd8 19.
Bxf6 Bxe4 20. Bxe7 Rd1+ 21. Ka2 Ra1#) 15... e5 16. Bxc4 Bg4 $11) 15. Bh3 (15.
e4 gxh6 16. Bh4 (16. Bxh6 Ng4 $17 {[%csl Gg4,Rh6]}) 16... e5 17. Bxc4 Rg6 $15)
15... gxh6 16. Bh4 {[%csl Re7][%cal Gh4d8] Dieser Zug ist für Weiß viel
chancenreicher als die Annahme des Bauern h6, denn die Fesselung ist
unangenehm für Schwarz. Weiß schafft allerdings keine konkreten Drohungen, so
daß Schwarz mit dem Eröffnungergebnis zufrieden sein kann.} (16. Bxh6 e5 $15 (
16... Ng4 $1 {Ftacnik} 17. Bxg4 Rxg4 18. Be3 Rh8 $15) (16... e5 17. Bxd7+ Nxd7
18. Qf5 $11)) 16... Rdf8 {'?' Ftacnik. Dieser Zug ist noch nicht schlecht,
denn Schwarz möchte sich von der Fesselung in der h4-d8-Diagonalen befreien,
aber der Springerzug 16...Na5 scheint mir viel aktiver.} (16... Na5 $5 {
[%csl Yb3][%cal Ra5b3]} 17. Nd2 (17. Ne5 {Ftacnik} Nb3+ 18. Kb1 Ba4 19. Ng4 (
19. Rxd8+ Rxd8 20. Ka2 Rd2 $19) 19... Nd2+ 20. Qxd2 Rxd2 21. Rxd2 Rg5 $17)
17... Bc6 18. e4 Qf7 $17) 17. Nd2 {[%cal Rd2e4,Rd2c4]} Qf7 (17... Na5 {Ftacnik}
18. Ne4 Nb3+ 19. Kb1 Bc6 20. Nxf6 Rxf6 21. Bxf6 Qxf6 22. Qxh7 $16) 18. Nxc4 $44
{[%csl Gh3,Gh4] Weiß besitzt das Läuferpaar und aktives Spiel für den
geopferten Bauern, aber im schwarzen Lager können keine schwerwiegenden
Schwächen ausgemacht werden.} e5 19. Bxd7+ (19. Bxf6 $2 {Ftacnik} Bxh3 20. Nxe5
Qxf6 21. Nxc6 Bg2 22. Nxa7+ Kb8 $19) 19... Nxd7 20. Ne3 {[%csl Yd5][%cal Ge3d5]
} Nc5 (20... Rg6 $15) (20... h5 $5) (20... Qg6 {Ftacnik} 21. Qb3 Nc5 22. Qd5
Ne4 23. f3 Nd6 $15) (20... Rg6 {Ftacnik} 21. Kb1 Rfg8 $15) 21. Nd5 Nd7 $6 (
21... Rg6 {Ftacnik} 22. b4 Rd6 23. e4 Nd7 $11) 22. Qd3 Qf5 (22... Nc5 {Ftacnik}
23. Qc4 Ne6 24. Nf6 Rg6 25. Rd7 Ne7 26. Qb4 $40) 23. e4 (23. Qe3 Qe6 $15) 23...
Qe6 24. b4 Rf7 $2 {[%mdl 16384] Ein unglaublicher Fehler!} (24... Kb8 $13 {
[%csl Gd5]}) (24... Kb8 $1 {Ftacnik} 25. Qe3 $13) (24... Rg2 $2 {Ftacnik} 25.
Qc4 Qf7 26. b5 $18) 25. Qc4 $1 $18 {[%csl Gc4,Rc8,Re6] [#]Weiß hat viele
Drohungen: 26.Nb6 mit Damengewinn und 26.b5.} a6 $2 26. Nb6+ {[%cal Rb6c8,
Rc4e6] Eine schlechte Partie von Piket. Er verliert die Dame und gab daher auf.
} 1-0

[Event "Interpolis"]
[Site "Tilburg"]
[Date "1992.10.10"]
[Round "1.3"]
[White "Milos, Gilberto"]
[Black "Rozentalis, Eduardas"]
[Result "0-1"]
[WhiteElo "2555"]
[BlackElo "2590"]
[Annotator "Ribli,Z"]
[PlyCount "114"]
[EventDate "1992.10.08"]
[EventType "k.o."]
[EventRounds "7"]
[EventCountry "NED"]
[SourceTitle "CBM 032"]
[Source "ChessBase"]
[SourceDate "1993.02.01"]
[SourceVersion "1"]
[SourceVersionDate "1993.02.01"]
[SourceQuality "1"]

{Barrage 30'} 1. c4 Nf6 2. Nc3 e6 3. Nf3 Bb4 4. Qc2 O-O 5. a3 Bxc3 6. Qxc3 b6
7. b3 Bb7 8. Bb2 d6 9. e3 (9. g3 Nbd7 10. Bg2 Ne5 $6 11. O-O Nxf3+ 12. Bxf3
Bxf3 13. Qxf3 $14 {Vaganian,R-Anand,V Wijk 1989 CBM/11}) 9... c5 10. Be2 Nc6 (
10... Nbd7 11. O-O Qe7 12. d3 (12. Rfe1 $5) 12... e5 13. Rae1 Rac8 $13 {
Dautov,R-Rosentalis,E URS-sf Daugavpils 1989 CBM/16}) 11. O-O Qe7 12. d4 $1
cxd4 13. Nxd4 Nxd4 14. Qxd4 e5 15. Qh4 Rfe8 16. Rfd1 Rad8 17. a4 $1 a5 18. Ba3
Qe6 19. Rac1 Rd7 20. f3 Red8 21. e4 Ne8 22. Qf2 $1 $14 f5 23. exf5 Qxf5 24.
Qxb6 e4 25. fxe4 Bxe4 26. Qf2 Qe6 27. Rf1 Nf6 28. Rce1 (28. Bb2 $5) 28... Rb7
29. Bd1 (29. Bb2 $5 Rxb3 30. Bf3 $18) (29. Bf3 $5 Rxb3 $2 30. Bxe4 Nxe4 31.
Rxe4 Qxe4 32. Qf7+ Kh8 33. Qf8+ $18) 29... d5 30. Qd4 Rbd7 31. c5 Rc8 32. Be2
Ng4 33. Bb2 Rdc7 34. Bb5 Qg6 35. Re2 Rxc5 36. Bd7 h5 37. Bxc8 Rxc8 38. Rc1 $2
Rxc1+ 39. Bxc1 Qd6 40. g3 Ne5 $13 41. Qc3 Nf3+ 42. Kf2 Nxh2 43. Bb2 Qf8+ 44.
Ke3 Nf1+ 45. Kd4 Qd6 46. Rf2 Nxg3 47. Qc8+ Kh7 48. Qf8 Qb6+ 49. Ke5 Qc7+ 50.
Ke6 Qb6+ 51. Kd7 Qb7+ 52. Kd6 Qb6+ 53. Ke5 Qc7+ 54. Qd6 $2 (54. Ke6 $10) 54...
Qb7 55. Kf4 Qxb3 56. Bxg7 Nf5 $1 57. Qe5 Qg3# 0-1

[Event "Gausdal Classic"]
[Site "Gausdal"]
[Date "2004.09.25"]
[Round "2"]
[White "Gronn, Atle"]
[Black "Palo, Davor"]
[Result "0-1"]
[WhiteElo "2409"]
[BlackElo "2513"]
[Annotator "Ribli,Z"]
[PlyCount "94"]
[EventDate "2004.09.23"]
[EventType "tourn"]
[EventRounds "9"]
[EventCountry "NOR"]
[EventCategory "10"]
[SourceTitle "CBM 104"]
[Source "ChessBase"]
[SourceDate "2005.01.27"]
[SourceVersion "1"]
[SourceVersionDate "2005.01.27"]
[SourceQuality "1"]

1. Nf3 Nf6 2. c4 b6 3. g3 Bb7 4. Bg2 e6 5. O-O Be7 6. Nc3 O-O 7. Re1 {Diese
Variante ist sehr populär in der letzten Zeit. Weiß möchte 8.e2-e4 ziehen. Ich
möchte anmerken, dass Weiß statt dessen mit 7.d4 eine Hauptvariante der
Damenindischen Verteidigung wählen könnte.} d5 (7... Ne4 8. Nxe4 Bxe4 9. d3 Bb7
10. e4 c5 11. d4 $14) 8. cxd5 Nxd5 (8... exd5 9. d4) 9. e4 $5 (9. d4 Nxc3 10.
bxc3 Be4 $5) 9... Nxc3 10. bxc3 Nc6 {Dieser Springerzug wird relativ selten
gespielt, die gewöhnliche Alternative ist 10...c5. -> A30} 11. d4 Na5 {[%cal
Gc7c5] Schwarz bereitet den Zug c7-c5 vor.} 12. Ne5 (12. h4 c5 $6 (12... Re8
13. h5 (13. Ne5 Bd6 14. Bf4 f6) 13... h6 (13... c5 $6 14. h6 g6 15. Bf4 $16)
14. Ne5 Bd6 $13 {1-0 Kramnik,V-Karpov,A/Dortmund 1997/Inf 70/[Kramnik,V] (39)})
13. d5 (13. Bg5 Re8 14. Qe2 Bxg5 15. hxg5 cxd4 16. cxd4 Rc8 17. Qe3 Qd6 18. e5
Qb4 $132 {0-1 Siebrecht,S-Werle,J/Vlissingen 2004/CBM 101 ext (47)}) 13... exd5
14. exd5 Bxd5 15. Rxe7 Qxe7 16. Qxd5 Rad8 17. Bg5 $14) (12. Bf4 Re8 (12... c5
13. d5 exd5 14. exd5 $36) 13. Qd3 c5 14. Rad1 cxd4 15. cxd4 Bb4 16. Rf1 Rc8 17.
d5 Nc4 18. Qb3 Qe7 19. dxe6 fxe6 20. Rd4 b5 {1/2-1/2 Rotstein,A-Bischoff,K/
TCh-AUT 2003 (57)}) 12... Bd6 13. f4 c5 $146 {[%mdl 4] Das ist eine logische
Spielweise für Schwarz, er sprengt die weiße Zentrumsstellung.} (13... Qe8 14.
Be3 Rd8 15. Bf2 c5 16. Qe2 Qa4 17. dxc5 bxc5 18. Rab1 $14 {1/2-1/2 Kramnik,
V-Karpov,A/Monte Carlo 1997/CBM 57 ext (36)}) 14. Be3 (14. d5 f6 (14... Qc7 15.
Ng4 (15. Nf3 exd5 16. exd5 Rfe8 $15) 15... exd5 16. e5 Be7 17. f5 $44) 15. Ng4
exd5 16. exd5 Qd7 $11) 14... Rc8 (14... cxd4 15. cxd4 Rc8 $11) 15. Bf2 $2 (15.
d5 f6 16. Ng4 exd5 17. exd5 Qd7 $11) (15. dxc5 $1 Bxc5 (15... bxc5 16. Rb1 $14)
16. Bxc5 bxc5 (16... Rxc5 $2 17. Nd7 $18) 17. Rb1 $14) 15... cxd4 16. cxd4 (16.
Bxd4 f6 $15) 16... Bb4 {[%csl Rd4,Re1][%cal Rb4e1,Gb4c3,Gc3a1,Gc3d4] Der e1R
steht sehr schlecht, Weiß verliert mindestens einen Bauern.} 17. Re2 (17. Rf1
Ba6 18. Nd3 Bc3 $17) (17. Re3 Bc3 $17) 17... Bc3 18. Rc1 (18. Rb1 Ba6 19. Rc2
Bxd4 $17) 18... Bxd4 $17 {Schwarz hat einen Bauern mehr, die Partie ist
praktisch entschieden.} 19. Rd2 (19. Bxd4 Rxc1 20. Qxc1 Qxd4+ $19) 19... Rxc1
20. Qxc1 Qc8 (20... Bxf2+ 21. Kxf2 Qa8 $17) 21. Rc2 (21. Qxc8 Bxf2+ 22. Kxf2
Rxc8 $17) 21... Bxf2+ 22. Kxf2 Qa8 23. Qe3 Rc8 {Schwarz tauscht die Figuren
und im Endspiel kann er seinen Vorteil leicht verwerten.} 24. Qe2 Rxc2 25. Qxc2
Qc8 26. Qxc8+ (26. Qd2 f6 $17) 26... Bxc8 27. Bf1 Kf8 {[%mdl 4096]} 28. Ke3 Ke7
29. Nf3 Bd7 (29... Bb7) 30. e5 Bc6 31. Nd4 Bd5 {[%csl Gd5]} 32. Nb5 Nc6 (32...
a6 33. Nc7 (33. Nc3 Bc4 $17) 33... Bxa2 34. Bxa6 (34. Nxa6 Bc4 $17) 34... Kd7
$17) 33. a3 Kd7 (33... f6 $17) 34. h4 a6 35. Nd6 (35. Nc3 b5 $17) 35... f6 36.
Bxa6 fxe5 37. Nf7 (37. fxe5 Nxe5 $17) 37... exf4+ 38. gxf4 (38. Kxf4 Ke7 39.
Ne5 Kd6 $17) 38... h6 39. Ne5+ (39. h5 $5) 39... Nxe5 40. fxe5 Kc6 (40... g5
$17) 41. a4 (41. h5 $5) 41... Kc5 42. Bc8 g5 $19 {Nach diesem Zug kann Weiß
nicht mer Kf4 spielen, so dass der e5P noch schwächer wird.} 43. hxg5 hxg5 44.
Bd7 Bb3 45. Kf3 Bd1+ 46. Ke4 Bc2+ 47. Kf3 Bf5 {[%csl Re5][%cal Rc5d5,Rd5e5]}
0-1

[Event "Barcelona"]
[Site "Barcelona"]
[Date "1992.05.??"]
[Round "2"]
[White "Kortschnoj, Viktor Lvovich"]
[Black "Romanishin, Oleg M"]
[Result "0-1"]
[WhiteElo "2585"]
[BlackElo "2595"]
[Annotator "Ribli,Z"]
[PlyCount "72"]
[EventDate "1992.05.??"]
[EventType "tourn"]
[EventRounds "11"]
[EventCountry "ESP"]
[EventCategory "13"]
[SourceTitle "CBM 030"]
[Source "ChessBase"]
[SourceDate "1992.10.01"]
[SourceVersion "1"]
[SourceVersionDate "1992.10.01"]
[SourceQuality "1"]

1. Nf3 Nf6 2. c4 e6 3. Nc3 Bb4 4. g3 (4. Qc2 c5 5. a3 Ba5 6. e3 d5 $2 (6... O-O
) 7. Na4 b6 8. Rb1 b5 9. cxb5 c4 10. b3 $16 {Tal,M-Romero,M Sevilla 1992 CBM/29
}) 4... O-O 5. Bg2 d5 6. O-O (6. a3 Bxc3 $5 (6... Be7 7. d4 c6 8. Qd3 b6 9. O-O
$14 {Ribli,Z-Nikolic,Pr Wijk 1989 CBM/11}) 7. dxc3 Nbd7 (7... dxc4 $5) 8. cxd5
exd5 9. O-O c6 10. Qc2 Nb6 11. a4 Re8 12. b3 Bg4 13. a5 $13 {Adorjan,
A-Romamishin,O Polanica Zdroj 1991 CBM/26}) 6... d4 (6... dxc4 $5 7. Qa4 Na6 8.
a3 Bd7 9. Nb5 Qe8 10. Nfd4 e5 11. Bxb7 exd4 12. Bxa6 Bh3 13. axb4 Qe4 14. Bb7
Qxb7 15. f3 Bd7 $19 {0-1 Bobocov-Larsen Büsum 1969 7/20}) 7. Na4 Be7 8. d3 c5
9. e4 (9. b4 $5 cxb4 10. a3 bxa3 11. Bxa3 $146) (9. e3 $5) 9... Nc6 10. e5 Nd7
11. Re1 Qc7 12. Bf4 b6 13. b4 (13. h4 Bb7 $13) 13... Nxb4 (13... cxb4 $2 14.
Nxd4 Nxd4 15. Bxa8 Bb7 16. Bxb7 Qxb7 17. Re4 $16) 14. Nxd4 Bb7 15. Nf3 Rad8 $1
16. a3 Bxf3 $1 17. Bxf3 Nc6 18. Bxc6 Qxc6 19. Nc3 f5 $10 20. exf6 (20. h4 Qb7
21. a4 Nb8 $1 22. a5 Nc6 23. axb6 axb6 (23... Nd4 $2 24. Rxa7 Nf3+ 25. Kh1 Qc6
26. Rc7 $18) 24. Nb5 $10) 20... Bxf6 21. Rc1 Bxc3 $1 22. Rxc3 e5 23. Bxe5 (23.
Bg5 $5 $15) 23... Nxe5 24. Rxe5 Rxf2 $1 {[#]} 25. Kxf2 Qf6+ 26. Kg2 Qxe5 27.
Rc2 Qe4+ $1 28. dxe4 Rxd1 29. a4 Ra1 30. Rd2 Rxa4 31. Rd8+ Kf7 32. Rd7+ Kf6 33.
e5+ Kg6 34. Kf3 Rxc4 35. Rxa7 b5 36. Rd7 Rd4 0-1

[Event "Helsinki op"]
[Site "Helsinki"]
[Date "1992.??.??"]
[Round "4"]
[White "Gurevich, Mikhail"]
[Black "Makarov, Marat"]
[Result "1/2-1/2"]
[WhiteElo "2625"]
[BlackElo "2510"]
[Annotator "Ribli,Z"]
[PlyCount "165"]
[EventDate "1992.09.??"]
[EventType "swiss"]
[EventRounds "9"]
[EventCountry "FIN"]
[SourceTitle "CBM 032"]
[Source "ChessBase"]
[SourceDate "1993.02.01"]
[SourceVersion "1"]
[SourceVersionDate "1993.02.01"]
[SourceQuality "1"]

1. c4 Nf6 2. Nc3 e6 3. Nf3 Bb4 4. g3 O-O 5. Bg2 d5 6. a3 Bxc3 $5 (6... Be7 7.
d4 dxc4 8. Ne5 $14) 7. dxc3 Nbd7 8. cxd5 exd5 9. O-O Nb6 $6 (9... Re8 $1 10.
Qc2 Nc5 $1 11. Bg5 Nce4 12. Bxf6 Nxf6 13. c4 $10 {Adorjan,A-Romanishin,O
Polanica Zdroj 1992 CBM/31}) 10. a4 $1 c6 11. b3 Bf5 12. a5 Nbd7 13. c4 Be4 14.
Bb2 Re8 15. Qd2 dxc4 16. bxc4 Qe7 (16... Bxf3 17. exf3 Ne5 18. Qc2 $14) 17.
Rfd1 c5 18. Qf4 Bc6 19. Bf1 $1 Nf8 20. Ne5 Be4 21. Ng4 Nxg4 22. Qxg4 $14 f6 (
22... Ng6 $2 23. Rd7 $1) 23. Rd2 Bc6 24. h4 Qf7 25. Bg2 Bxg2 26. Kxg2 Qe6 27.
Qxe6+ Rxe6 28. f3 Rae8 29. Kf2 Ng6 30. Rc1 Ne7 31. Rcc2 Nc6 32. Bc3 R8e7 33. e4
Kf7 34. g4 b6 35. axb6 axb6 36. Rb2 Na7 37. Rd8 Re8 38. Rxe8 Kxe8 39. g5 Nc8
40. gxf6 gxf6 41. Ke3 h5 (41... Nd6 42. Kd3 Nf7 43. f4 $16) 42. Kf4 Kf7 43. e5
$1 fxe5+ 44. Bxe5 Ne7 45. Bc7 Rc6 46. Bxb6 Rf6+ 47. Ke4 Re6+ 48. Kd3 Nf5 49.
Bxc5 Nxh4 50. f4 (50. Bd4 Kg6) 50... Nf5 51. Rg2 h4 52. Rg5 Kf6 53. Bf2 (53.
Bd4+ Nxd4 54. Kxd4 Re1 55. Rh5 Rh1 56. f5 h3 57. Kc5 h2 $10) 53... Re7 (53...
Re8 $5) 54. c5 Re8 55. Rg2 h3 56. Rh2 Rh8 57. Ke4 Ke6 58. Be1 Rc8 59. Bf2 Rh8
60. Rh1 h2 61. Kf3 Kd5 62. Rd1+ Kc6 63. Kg2 h1=Q+ 64. Rxh1 Rxh1 65. Kxh1 Kd5
66. Kg2 Ke4 67. Bg3 Kd5 68. Kf3 Kxc5 69. Kg4 Ng7 70. Bh4 Kd6 71. Bf6 Ne6 72. f5
Nc7 73. Kg5 Nd5 74. Bb2 Ke7 75. Kg6 Nf4+ 76. Kg7 Nh5+ 77. Kg8 Nf6+ $1 78. Kg7
Nh5+ 79. Kg6 Nf4+ 80. Kg5 Nd5 81. Kg6 Nf4+ 82. Kh6 Kf7 83. Kg5 1/2-1/2